| 000 | 00000nam##2200000za#4500 |
| 001 | 9.700420 |
| 003 | CaOODSP |
| 005 | 20250506145324 |
| 007 | cr ||||||||||| |
| 008 | 150407|1980||||xxc|||||o f|0| 0 eng|d |
| 040 | |aCaOODSP|beng |
| 043 | |an-cn--- |
| 086 | 1 |aA21-29/1980E-PDF |
| 110 | 1 |aCanada.|bAgriculture Canada. |
| 245 | 10|aReview of Western Grain Stabilization Program 1976-1978 |h[electronic resource] |
| 260 | |aOttawa - Ontario : |bAgriculture Canada |c1980. |
| 300 | |a14p.|btables |
| 500 | |aIncorrect copyright date (1992) printed in this publication. |
| 500 | |aHistorical publication digitized by Agriculture and Agri-Food Canada. |
| 590 | |a15-03-Supp|b2015-03-13 |
| 690 | 07|aPlants|2gcpds |
| 690 | 07|aWild plants|2gcpds |
| 775 | 08|tRevue du Programme de stabilisation concernant le grain de l'Ouest (1976-1978) |w(CaOODSP)9.644306 |
| 856 | 40|ahttp://publications.gc.ca|qPDF|s737 KB|uhttps://publications.gc.ca/collections/collection_2015/aac-aafc/A21-29-1980-eng.pdf |
| 986 | |aPublication 5125 |